Statistics for Most Guessed African Countries on JetPunk

Click here to take the quiz!

General Stats

  • This quiz has been taken 75,775 times
    (75,731 since last reset)
  • The average score is 8 of 10

Answer Stats

GuessedCountry% Correct
97%Egypt
98%
97%South Africa
98%
93%Niger
89%
92%Morocco
88%
92%Nigeria
87%
92%D.R. Congo
83%
92%Algeria
82%
91%Sudan
77%
90%Rep. of the Congo
75%
94%Madagascar
70%

Score Distribution

Percentile by Number Answered

Percent of People with Each Score

Your Score History

You have not taken this quiz since the last reset